Регенерация этилацетата и бутилацетата из маточника лактида; Химия и химическая технология в XXI веке; Т. 1

গ্রন্থ-পঞ্জীর বিবরন
Parent link:Химия и химическая технология в XXI веке: материалы XIV Всероссийской научно-практической конференции имени профессора Л.П. Кулёва студентов и молодых ученых с международным участием, Томск, 13-16 мая 2013 г/ Национальный исследовательский Томский политехнический университет (ТПУ); Институт природных ресурсов (ИПР) ; Институт физики высоких технологий (ИФВТ) ; Физико-технический институт (ФТИ).— , 2013
Т. 1.— 2013.— [С. 189-191]
প্রধান লেখক: Храмцова А. Л.
সংস্থা লেখক: Национальный исследовательский Томский политехнический университет (ТПУ) Институт природных ресурсов (ИПР) Кафедра технологии органических веществ и полимерных материалов (ТОВПМ)
অন্যান্য লেখক: Прохода И. А. (научный руководитель), Глотова В. Н. Валентина Николаевна, Постников П. С. Павел Сергеевич, Новиков В. Т. Виктор Тимофеевич
সংক্ষিপ্ত:Заглавие с титульного экрана
ভাষা:রুশ
প্রকাশিত: 2013
মালা:Химия и химическая технология органических веществ и материалов
বিষয়গুলি:
অনলাইন ব্যবহার করুন:http://www.lib.tpu.ru/fulltext/c/2013/C27/V1/093.pdf
বিন্যাস: বৈদ্যুতিক গ্রন্থের অধ্যায়
KOHA link:https://koha.lib.tpu.ru/cgi-bin/koha/opac-detail.pl?biblionumber=241909

MARC

LEADER 00000naa2a2200000 4500
001 241909
005 20251218111209.0
035 |a (RuTPU)RU\TPU\book\263198 
035 |a RU\TPU\book\263172 
090 |a 241909 
100 |a 20130821d2013 k y0rusy50 ca 
101 0 |a rus 
102 |a RU 
135 |a drcn ---uucaa 
181 0 |a i  
182 0 |a b 
200 1 |a Регенерация этилацетата и бутилацетата из маточника лактида  |f А. Л. Храмцова, И. А. Прохода, В. Н. Глотова  |g науч. рук. В. Т. Новиков 
203 |a Текст  |c электронный 
225 1 |a Химия и химическая технология органических веществ и материалов 
300 |a Заглавие с титульного экрана 
320 |a [Библиогр.: с. 191 (5 назв.)] 
337 |a Adobe Reader 
461 1 |0 (RuTPU)RU\TPU\book\259433  |t Химия и химическая технология в XXI веке  |o материалы XIV Всероссийской научно-практической конференции имени профессора Л.П. Кулёва студентов и молодых ученых с международным участием, Томск, 13-16 мая 2013 г  |o в 2 т.  |f Национальный исследовательский Томский политехнический университет (ТПУ); Институт природных ресурсов (ИПР) ; Институт физики высоких технологий (ИФВТ) ; Физико-технический институт (ФТИ)  |d 2013 
463 1 |0 (RuTPU)RU\TPU\book\259435  |t Т. 1  |v [С. 189-191]  |d 2013 
610 1 |a труды учёных ТПУ 
610 1 |a электронный ресурс 
610 1 |a регенерация 
610 1 |a растворители 
610 1 |a лактиды 
610 1 |a очистка 
700 1 |a Храмцова  |b А. Л. 
701 1 |a Прохода  |b И. А. 
701 1 |a Глотова  |b В. Н.  |c химик  |c доцент Томского политехнического университета, кандидат технических наук  |f 1981-  |g Валентина Николаевна  |3 (RuTPU)RU\TPU\pers\32048  |9 16095 
702 1 |a Постников  |b П. С.  |c химик-органик  |c старший преподаватель Томского политехнического университета, кандидат химических наук  |f 1984-  |g Павел Сергеевич  |4 727 
702 1 |a Новиков  |b В. Т.  |c химик  |c доцент Томского политехнического университета, кандидат химических наук  |f 1946-  |g Виктор Тимофеевич  |4 727  |9 13515 
712 0 2 |a Национальный исследовательский Томский политехнический университет (ТПУ)  |b Институт природных ресурсов (ИПР)  |b Кафедра технологии органических веществ и полимерных материалов (ТОВПМ)  |3 (RuTPU)RU\TPU\col\18659 
801 2 |a RU  |b 63413507  |c 20170111  |g RCR 
856 4 |u http://www.lib.tpu.ru/fulltext/c/2013/C27/V1/093.pdf 
942 |c CF